01825cam a22003375a 4500999001700000001000900017005001700026008004100043010001700084020002500101020002200126040003300148082002200181100004000203245005600243250003100299260004600330300003400376490004900410504005100459520042500510650004400935650004300979651001001022653002201032655001701054942000801071952013601079952013601215952013601351 c27233d272041679457320190314122831.0110524s2012 nyua frb 001 0 eng d a 2011015004 a9780071326483 (pbk.) a0071326480 (pbk.) aDLCbengcDLCdDLCdEG-ScBUE04a620.0078bHOL2221 aHolman, J. P.q(Jack Philip)93496310aExperimental methods for engineers /cJ. P. Holman. a8th ed., International ed. aNew York :bMcGraw-Hill Education,c2012. axix, 739 p. :bill. ;c25 cm.0 aMcGraw-Hill series in mechanical engineering aIncludes bibliographical references and index. a"Experimental Methods for Engineers offers the broadest range of experimental measurement techniques available for mechanical and general engineering applications. Offering clear descriptions of the general behavior of different measurement techniques, such as pressure, flow, and temperature, the text emphasizes the use of uncertainty analysis and statistical data analysis in estimating the accuracy of measurements." 7aEngineeringvLaboratory manuals.2BUEsh 7aEngineering instruments.2BUEsh929415 2BUEsh bENGCHEcMarch2019 vReading book 2ddc 00102ddc40708BaccahaMAINbMAINc1STd2019-03-14ePurchaseg550.00l0o620.0078 HOLp000044374r2025-07-15 00:00:00v687.50yNB 00102ddc40708BaccahaMAINbMAINc1STd2019-03-14ePurchaseg550.00l0o620.0078 HOLp000044375r2025-07-15 00:00:00v687.50yBB 00102ddc40708BaccahaMAINbMAINc1STd2019-03-14ePurchaseg550.00l0o620.0078 HOLp000044376r2025-07-15 00:00:00v687.50yBB